000 01110cam a2200349 4500
001 4552074
003 OSt
005 20140310184343.0
008 721227s1972 nyu j 000 1 eng
010 _a 72078082
020 _a9780439559874
040 _aDLC
_cDLC
_dDLC
042 _alcac
050 0 0 _aPZ 7
_b.B6265Ot 1972
100 1 _aBlume, Judy.
_96113
245 1 0 _aOtherwise known as Sheila the Great./
_bJudy Blume.
250 _a[1st ed.]
260 _aNew York,
_bscholastic Inc,
_c1972
300 _a138 p.
_c19 cm.
520 _aA summer in Tarrytown, New York, is a lot of fun for ten-year-old Sheila even though her friends make her face up to some self-truths she does not want to admit.
521 _aG3
526 _c590
562 _e1
650 1 _aSelf-acceptance
_vFiction.
_924670
650 1 _aFriendship
_vFiction.
_924671
650 1 _aConduct of life
_vFiction.
_924672
650 1 _aVacations
_vFiction.
_924673
651 1 _aTarrytown (N.Y.)
_vFiction.
_924674
906 _a7
_bcbc
_corignew
_d2
_eopcn
_f19
_gy-gencatlg
942 _2lcc
_cBK-SCHOLAS
999 _c33845
_d33845